| 000 | 00767nam a2200229 a 4500 | ||
|---|---|---|---|
| 005 | 20240426063836.0 | ||
| 008 | 180413s1999 mx r 000 0 spa d | ||
| 020 | _a9684963599 | ||
| 035 | _aUPN01000224003 | ||
| 049 | _aCG | ||
| 050 | 4 |
_aP115.5 M6 _bC6.6 |
|
| 100 | 1 |
_aCoronado Suzán, Gabriela de Lourdes _941767 |
|
| 245 | 1 | 0 |
_aPorque hablar dos idiomas-- es como saber más : _bsistemas comunicativos bilingües ante el México plural / _cGabriela Coronado Suzán. |
| 260 |
_aMéxico : _bCIESAS, _c1999. |
||
| 300 |
_a327 p. : _bil., mapas, cuadros |
||
| 440 | 0 | _aLenguajes | |
| 650 | 4 |
_aBILINGUISMO - _zMEXICO _93949 |
|
| 650 | 4 |
_aSOCIOLINGUISTICA - _zMEXICO _924470 |
|
| 650 | 4 |
_aIndígenas de México _xLenguas _913865 |
|
| 905 | _aLibro | ||
| 999 |
_c196100 _d196100 |
||